LIBRARY ONLINE CATALOGUE

Preaching without fear or favour : (Record no. 20291)

MARC details
000 -LEADER
fixed length control field 00442nam a22001217a 4500
008 - FIXED-LENGTH DATA ELEMENTS--GENERAL INFORMATION
fixed length control field 230918b |||||||| |||| 00| 0 eng d
020 ## - INTERNATIONAL STANDARD BOOK NUMBER
International Standard Book Number 978-1527103634
050 ## - LIBRARY OF CONGRESS CALL NUMBER
Classification number BV2540
Item number .R73 2019
245 ## - TITLE STATEMENT
Title Preaching without fear or favour :
Remainder of title Previously unpublished sermons on Hebrews II By Robert Bruce
Statement of responsibility, etc. Translated and edited by David Searle
260 ## - PUBLICATION, DISTRIBUTION, ETC. (IMPRINT)
Place of publication, distribution, etc. Great Britain
Name of publisher, distributor, etc. Christian Heritage Imprint
Date of publication, distribution, etc. 2019
300 ## - PHYSICAL DESCRIPTION
Extent xlvii, 600p.
942 ## - ADDED ENTRY ELEMENTS (KOHA)
Source of classification or shelving scheme Library of Congress Classification
Koha item type General Collection
Holdings
Withdrawn status Lost status Source of classification or shelving scheme Not for loan Home library Current library Date acquired Cost, normal purchase price Inventory number Total Checkouts Full call number Barcode Date last seen Copy number Price effective from Koha item type
    Library of Congress Classification   Kabarak, Main Campus Kabarak, Main Campus 18/09/2023 1100.00 0302/2022   BV2540 .R73 2019 C.1 031765 18/09/2023 C.1 18/09/2023 General Collection